Schaum's outline of UML

Salvato in:
Dettagli Bibliografici
Autori principali: Bennett, Simon (Autore), Skelton, John (Autore), Lunn, Ken (Autore)
Natura: Libro
Lingua:inglese
Pubblicazione: Nueva York McGraw-Hill 2005
Edizione:2a. ed
Soggetti:
Tags: Aggiungi Tag
Nessun Tag, puoi essere il primo ad aggiungerne!!

MARC

LEADER 00000nam a2200000 a 4500
001 UCJ2806
003 CL-VaPUC
008 070119e20050000US |||||||||||||||||eng|d
020 |a 0077107411 
082 0 4 |a 005.117  |b BEN  |2 21 
100 0 |a Bennett, Simon  |e author  |9 503790 
700 0 |a Skelton, John  |e author  |9 503791 
700 0 |a Lunn, Ken  |e author  |9 503792 
245 1 0 |a Schaum's outline of UML 
250 |a 2a. ed 
300 |a 398 p 
942 |c BK 
945 |d 20070119 00:00:00  |a cmena 
260 |a Nueva York  |b McGraw-Hill  |c 2005 
650 0 |a Lenguajes de programación   |9 259458 
650 0 |a Programación orientada al objeto  |9 387863 
650 0 |a Programación de computadores   |9 259531 
650 7 |a UML  |2 CL-VaPUC  |9 503793 
650 0 |a Software  |9 387312 
583 |a last modification  |c 20070119 00:00:00  |k Rodrigo Vera 
999 |c 318936  |d 318934 
952 |0 0  |1 0  |2 ddc  |4 0  |6 005_117000000000000_BEN_2005  |7 0  |8 A  |9 397153  |a BIBING  |b BIBING  |c RES  |d 2019-11-22  |i 4313712  |o 005.117 BEN 2005  |p 4313712  |r 2025-01-20  |w 2019-11-22  |y BK  |k EII